World trade, WT100

Detalles Bibliográficos
Título anterior:World trade (Costa Mesa, Calif. : Online)
Formato: Electrónico Revista
Lenguaje:inglés
Publicado: Troy, MI : BNP Media II, LLC
Materias:
Acceso en línea:Full text available from Research Library: 07/01/2009 to 12/31/2014

MARC

LEADER 00000nas a22000007a 4500
001 ssj0000502018
003 WaSeSS
005 20200512172242.0
006 m d
007 cr n
008 090706c20099999miumr p s 0 a0eng
010 |a  2009200793 
022 |a 1949-9159  |l 1949-9159  |y 1949-9140 
035 |a (WaSeSS)ssj0000502018 
037 |b World Trade, WT100, P.O. Box 2144, Skokie, IL 60076  |c $17.00 (single issue)  |c $104.00 (USA, 1 yr.)  |c $137.00 (Canada, 1 yr.)  |c $154.00 (all other countries, 1 yr.) 
040 |a DLC  |b eng  |c DLC  |d DLC  |d OCLCQ  |d VT2  |d OCLCO  |d OCLCF  |d OCLCO  |d OCLCQ  |d NTG  |d WaSeSS 
042 |a pcc  |a nsdp 
050 0 0 |a HF1371  |b .W68 
082 1 0 |a 382/.05  |2 14 
130 0 |a World trade, WT100 (Online) 
222 0 |a World trade, WT100  |b (Online) 
245 1 0 |a World trade, WT100  |h [electronic resource]. 
246 1 3 |a World trade, WT one hundred 
246 1 3 |a World trade 
246 1 3 |a WT100 
246 1 3 |a World trade WT100: The benchmark for global supply chain business 
260 |a Troy, MI :  |b BNP Media II, LLC 
310 |a Monthly 
362 1 |a Began with: Aug. 2009. 
506 |a License restrictions may limit access. 
588 |a Description based on: Aug. 2009; title from cover image (BNP Media II website, viewed on Oct. 30, 2009). 
588 |a Latest issue consulted: Oct. 2009 (BNP Media II website, viewed on Oct. 30, 2009). 
650 0 |a International trade  |v Periodicals. 
650 7 |a International trade.  |2 fast  |0 (OCoLC)fst00977128 
655 0 |a Electronic journals. 
776 0 8 |i Print version ed.:  |t World trade, WT100  |x 1949-9140  |w (DLC) 2009200795  |w (OCoLC)422511001 
780 0 0 |t World trade (Costa Mesa, Calif. : Online)  |w (OCoLC)123532826 
856 4 0 |z Full text available from Research Library: 07/01/2009 to 12/31/2014  |u https://search.proquest.com/publication/30247